000 00705nam a2200205 a 4500
001 000008000
005 20240412074205.0
008 090914s2004 dr a 000 p spa d
040 _aDO-SdBNP
_bspa
_cBNPHU
082 _aRD861.44
_bA643m
100 1 _aApolinar, Fe Esperanza,
_d1958-
_921867
245 1 3 _aLa Máter /
_cFe Esperanza Apolinar ; prólogo Francisco Herrera Severino.
260 _aSanto Domingo, :
_bUniversitaria,
_c2004.
300 _a80 p. :
_bil ;
_c21 cm.
500 _aIncluye datos biográficos de la autora en la contra cubierta
650 0 _aPoesía dominicana
_966
650 0 _aLiteratura dominicana.
_967
700 1 _aHerrera Severino, Francisco,
_epról.
_921868
049 _aBNPD
999 _c7777
_d7777